[Event "CZE-tht Extraliga 2018-19"]
[Site "Czech Republic"]
[Date "2018.11.03"]
[Round "1"]
[White "Cerveny, Martin"]
[Black "Jaracz, Pawel"]
[Result "1/2-1/2"]
[WhiteElo "2329"]
[BlackElo "2466"]
[Annotator "TA"]
[PlyCount "100"]
[EventDate "2018.11.03"]
[EventType "team-tourn"]
[EventCountry "CZE"]
[SourceTitle "playchess.com"]
[Source "ChessBase"]
[SourceQuality "1"]
[WhiteTeam "SK DURAS BVK Kralovo Pole"]
[BlackTeam "SK ZIKUDA Turnov"]

{[%evp 16,100,31,23,28,23,23,23,20,13,13,16,14,17,33,0,20,12,26,0,0,0,0,0,0,0,0,-29,-16,-27,-27,-27,-25,-25,-16,-43,9,3,27,9,29,15,17,16,16,20,14,15,20,12,18,14,15,16,52,16,31,0,0,0,0,0,85,49,68,69,86,0,57,42,83,14,13,14,13,13,18,0,0,0,0,0,0,0,0,0,0]} 1. d4 Nf6 2. Nf3 d5 3. c4 c6 4. e3 Bf5 5. Nc3 e6 6. Nh4 Be4 7. f3 Bg6 {D12: Damengambit (Slawische Verteidigung)} 8. g3 (8. Qb3 Qc7 9. Bd2 Be7 10. O-O-O dxc4 11. Bxc4 a6 12. Be2 Nbd7 13. Nxg6 hxg6 14. Kb1 c5 15. d5 exd5 16. Nxd5 Nxd5 17. Qxd5 {0-1 (31) Karjakin,S (2773)-Caruana,F (2822) Saint Louis 2018}) 8... Nbd7 9. cxd5 {LiveBook: 4 Partien} cxd5 {Weiß hat minimalen Vorteil.} 10. Bd2 $146 ({Vorgänger:} 10. Nxg6 hxg6 11. e4 dxe4 12. fxe4 e5 13. dxe5 Nxe5 14. Bb5+ Nc6 15. Qa4 Bd6 16. Bf4 {½-½ (16) Sakaev,K (2639)-Yagupov,I (2417) Ubeda 2001}) 10... a6 11. Qb3 Qb6 12. Qxb6 Nxb6 13. Nxg6 hxg6 14. Bd3 Rc8 15. b3 Nbd7 16. O-O Ba3 17. Rab1 {[#] Schwarz muss nun b4 beachten.} Bb4 18. Rfc1 {Sd1 ist eine echte Drohung.} O-O 19. Be1 g5 20. g4 g6 21. Be2 Rc6 {Und weiter mit ...Tfc8 wäre nett.} 22. Na4 Rxc1 23. Rxc1 Bxe1 24. Rxe1 Rc8 {[#]} 25. Nc5 $1 {[%mdl 512]} Rc7 ({Günstiger ist} 25... Nxc5 $15 26. Rc1 a5) 26. b4 Kf8 27. a4 Ke7 28. a5 Nb8 29. Bd1 Ne8 30. Ba4 Nd6 31. Kf2 Nc6 32. Bxc6 Rxc6 $11 {[%mdl 4096] Endspiel KTS-KTS} 33. e4 dxe4 34. fxe4 {Droht d5 und aus.} Rc7 35. Rh1 e5 36. Ke3 exd4+ 37. Kxd4 Nb5+ $1 38. Kc4 Rc6 (38... Kd6 $11) 39. e5 Na3+ 40. Kb3 Nb5 41. Kc4 Na3+ 42. Kd3 Nb5 43. h4 (43. Re1 $16) 43... gxh4 {Die Stellung ist ausgeglichen.} 44. Rxh4 b6 45. axb6 Rxb6 46. Rh8 Na7 47. Kc3 Nc6 48. Nd3 a5 49. bxa5 Nxa5 50. Ra8 Nc6 {Precision: Weiß = 48%, Schwarz = 62%.} 1/2-1/2

[Event "CZE-tht Extraliga 2018-19"]
[Site "Czech Republic"]
[Date "2018.11.03"]
[Round "1"]
[White "Vesselovsky, Serguei"]
[Black "Suran, Jan"]
[Result "1-0"]
[WhiteElo "2328"]
[BlackElo "2420"]
[Annotator "TA"]
[PlyCount "107"]
[EventDate "2018.11.03"]
[EventType "team-tourn"]
[EventCountry "CZE"]
[SourceTitle "playchess.com"]
[Source "ChessBase"]
[SourceQuality "1"]
[WhiteTeam "Beskydska sachova skola"]
[BlackTeam "Vystaviste Lysa nad Labem"]

{[%evp 28,107,47,43,40,46,44,49,58,41,36,27,32,25,16,29,21,0,27,0,12,0,1,0,89,50,97,75,81,77,65,72,73,72,66,51,81,47,55,29,122,137,164,111,203,195,193,187,203,0,180,0,202,200,202,200,201,171,222,219,220,199,243,243,425,402,499,497,472,449,1055,1000,886,1144,1142,1107,1061,1000,1947,1843,5173,4133]} 1. e4 c5 2. Nc3 Nc6 3. Nge2 e6 4. d4 cxd4 5. Nxd4 d6 6. Be3 Nf6 7. Bc4 Be7 8. Qe2 O-O 9. Bb3 a6 10. O-O-O Qe8 11. Rhg1 b5 12. g4 b4 13. Nxc6 Qxc6 14. Nd5 exd5 15. g5 $1 {[%cal Rg5f6] LiveBook: 13 Games} Qc7 {B89: Sicilian: Velimirovic Attack} (15... Nxe4 16. Bxd5 Nc3 17. bxc3 (17. Bxc6 $2 Nxe2+ 18. Kb1 Nxg1 $19)) (15... Nxe4 16. Bxd5 Qa4 17. Bxe4 Be6 18. Rd4 Rac8 19. a3 a5 20. Bd3 g6 21. h4 Qb3 22. axb4 Qa2 23. Qd1 d5 24. bxa5 Qxa5 {0-1 (36) Ivanchuk,V (2729)-Grischuk,A (2717) Odessa 2007 CBM 119 [Ftacnik,L]}) 16. gxf6 Bxf6 17. Bxd5 Rb8 {White is slightly better.} 18. Bd4 Qe7 19. Qe3 $146 ({Predecessor:} 19. f4 Be6 20. Qf2 a5 21. f5 Bxd5 22. exd5 a4 23. Rde1 {1-0 (40) Fransson,P (2220)-Westergaard,J Oerebro 1992}) 19... Be6 20. Qg3 {Threatening mate with Qxg7+!} Bxd4 21. Rxd4 {[%csl Gg1][%cal Rg3g7]} g6 22. f3 Rfc8 23. Rgd1 Qc7 {[%csl Gc8][%cal Rc7c2]} 24. R1d2 $36 {[%mdl 2048] Bxe6 is the strong threat. White fights for an advantage.} Bxd5 25. Rxd5 Qc4 (25... b3 $11 26. axb3 Rxb3) 26. Kb1 Rb6 27. Qf2 Qc7 28. Qd4 Rc6 {[%cal Rc6c2]} 29. Rxd6 a5 30. Rd8+ Rxd8 31. Qxd8+ Qxd8 32. Rxd8+ $16 {[%mdl 4096] Endgame KR-KR} Kg7 33. Kc1 Kf6 (33... Rf6 $11) 34. Rd5 a4 35. Kd2 ({Better is} 35. Rb5 $18) 35... g5 (35... Ra6 $16 36. Rd4 Rb6) 36. Rb5 Rd6+ 37. Ke2 Rc6 38. Kd2 ({And not} 38. Rxb4 Rxc2+ 39. Ke3 Rxh2 $11) 38... Rd6+ $1 39. Ke2 Rc6 40. Kd3 ({Stronger than} 40. Rxb4 Rxc2+ 41. Ke3 Rxh2 $11) 40... Rd6+ 41. Rd5 $1 Rc6 42. Rf5+ Kg6 (42... Ke7 $142 43. Rxg5 a3) 43. Ra5 $1 $18 Rd6+ {[#]} 44. Ke3 $1 Rc6 45. Rxa4 Rxc2 $2 (45... Rb6 {is a better defense.} 46. a3 bxa3) 46. Rxb4 Rxh2 47. a4 {[%cal Ba2a4,Ba4a5][%mdl 32] White is clearly winning.} Rh1 48. Rb3 Ra1 {[#]} (48... g4 $142 49. Kf4 gxf3 50. Rxf3 Rh2) 49. Ra3 $1 {[%cal Ra3a1]} Rb1 50. Ra2 h5 51. a5 h4 52. Kf2 g4 53. fxg4 h3 54. Kg3 {Precision: White = 59%, Black = 40%.} 1-0

[Event "CZE-tht Extraliga 2018-19"]
[Site "Czech Republic"]
[Date "2018.11.03"]
[Round "1"]
[White "Vyskocil, Neklan"]
[Black "Cech, Pavel"]
[Result "1/2-1/2"]
[WhiteElo "2315"]
[BlackElo "2332"]
[Annotator "NA RC"]
[PlyCount "132"]
[EventDate "2018.11.03"]
[EventType "team-tourn"]
[EventCountry "CZE"]
[SourceTitle "playchess.com"]
[Source "ChessBase"]
[SourceQuality "1"]
[WhiteTeam "SK DURAS BVK Kralovo Pole"]
[BlackTeam "SK ZIKUDA Turnov"]
[TimeControl "40/5400+30:1800+30"]

1. e4 {[%emt 0:00:00]} e6 {[%emt 0:00:00]} 2. d4 {[%emt 0:00:22]} d5 {[%emt 0:00:00]} 3. Nd2 {[%emt 0:00:48]} Nf6 {[%emt 0:00:00]} 4. e5 {[%emt 0:00:23]} Nfd7 {[%emt 0:00:02]} 5. Bd3 {[%emt 0:01:27]} c5 {[%emt 0:00:09]} 6. c3 {[%emt 0:00:17]} Nc6 {[%emt 0:00:06]} 7. Ne2 {[%emt 0:00:43]} cxd4 {[%emt 0:00:08]} 8. cxd4 {[%emt 0:00:22]} f6 {[%emt 0:00:05]} 9. exf6 {[%emt 0:00:43]} Nxf6 {[%emt 0:08:01]} 10. O-O {[%emt 0:01:03]} Bd6 {[%emt 0:00:06]} 11. Nf3 {[%emt 0:00:50]} Qc7 {[%emt 0:00:12]} 12. Bg5 {[%emt 0:02:37]} O-O {[%emt 0:00:19]} 13. Qc2 {[%emt 0:03:34] C06: French Tarrasch: 3...Nf6 4 e5 Nfd7 5 Bd3 main lines} (13. Bh4 Nh5 14. Qc2 h6 15. Bh7+ Kh8 16. Bg6 Nf4 17. Nxf4 Rxf4 18. Bg3 Rxf3 19. gxf3 Qe7 20. Rad1 Bd7 21. Qc3 Rf8 22. Bb1 Kg8 {1-0 (41) Artemiev,V (2653)-Onischuk,V (2615) Martuni 2016}) 13... Nb4 {[%emt 0:09:28]} 14. Qxc7 {[%emt 0:03:44]} Bxc7 {[%emt 0:00:30]} 15. Bb1 {[%emt 0:04:53]} Bd7 {[%emt 0:11:51] LiveBook: 5 Games} 16. Nc3 {[%emt 0:08:34]} Bb6 $146 {[%emt 0:13:45]} ({Predecessor:} 16... a6 17. a3 Nc6 18. Bh4 Bb6 19. Rd1 h6 20. Bg3 Na5 {0-1 (96) Straka,J (2216)-Strebkovs,A (2420) Teplice 2009}) 17. h3 {[%emt 0:20:10]} Nc6 {[%emt 0:12:16]} 18. Be3 {[%emt 0:01:26]} Nh5 {[%emt 0:03:50]} 19. Rd1 {[%emt 0:03:14]} Nf4 {[%emt 0:07:02]} 20. Ne1 {[%emt 0:24:17]} Ne7 {[%emt 0:13:35]} 21. Bc2 {[%emt 0:08:00]} Nfg6 {[%emt 0:06:06]} 22. Ba4 {[%emt 0:01:51]} Bc6 {[%emt 0:03:43]} 23. Nd3 {[%emt 0:02:00]} Nf5 {[%emt 0:02:27]} 24. Nb4 {[%emt 0:01:02]} Be8 {[%emt 0:00:43]} 25. Rac1 {[%emt 0:03:11]} Ngh4 {[%emt 0:01:35]} 26. Bxe8 {[%emt 0:03:11]} Raxe8 {[%emt 0:00:14]} 27. Na4 {[%emt 0:00:51]} Nxe3 {[%emt 0:01:55]} 28. fxe3 {[%emt 0:00:03]} Ba5 {[%emt 0:00:15]} 29. Nc2 {[%emt 0:02:47]} Nf5 {[%emt 0:00:53]} 30. b4 {[%emt 0:01:52]} Bc7 {[%emt 0:01:23]} 31. Nc5 {[%emt 0:00:39]} Ng3 {[%emt 0:00:46]} 32. Re1 {[%emt 0:00:19]} b6 {[%emt 0:00:48]} 33. Nd3 {[%emt 0:00:36]} Bd6 {[%emt 0:00:32]} 34. Na3 {[%emt 0:00:21]} Rc8 {[%emt 0:01:02]} 35. Rxc8 {[%emt 0:00:41]} Rxc8 {[%emt 0:00:05]} 36. Rb1 {[%emt 0:00:36]} a6 {[%emt 0:01:43]} 37. Rb3 {[%emt 0:00:14]} Ne2+ {[%emt 0:01:46]} 38. Kf2 {[%emt 0:00:10]} Nc3 {[%emt 0:00:26]} 39. Ke1 {[%emt 0:01:06]} Nxa2 {[%emt 0:00:51]} 40. Kd2 {[%emt 0:00:19]} a5 {[%emt 0:00:30]} 41. bxa5 {[%emt 0:02:21]} bxa5 {[%emt 0:01:51]} 42. Nc2 {[%emt 0:11:45]} a4 {[%emt 0:03:36]} 43. Rb6 {[%emt 0:02:05]} Nc3 {[%emt 0:00:10]} 44. Ra6 {[%emt 0:02:42]} Ne4+ {[%emt 0:07:01]} 45. Kd1 {[%emt 0:02:56]} Kf7 {[%emt 0:11:25]} 46. Nb2 {[%emt 0:06:26]} Nc3+ {[%emt 0:05:52]} 47. Kc1 {[%emt 0:02:58]} Na2+ {[%emt 0:00:09]} 48. Kb1 {[%emt 0:00:28]} Nc3+ {[%emt 0:00:33]} 49. Kc1 {[%emt 0:00:32]} Na2+ {[%emt 0:02:10]} 50. Kb1 {[%emt 0:00:06]} Rxc2 {[%emt 0:00:06]} 51. Rxd6 {[%emt 0:01:59]} Rxg2 {[%emt 0:00:30]} 52. Kxa2 {[%emt 0:00:04]} Re2 {[%emt 0:00:04]} 53. Ra6 {[%emt 0:01:02]} Rxe3 {[%emt 0:00:08]} 54. h4 {[%emt 0:00:34]} Re4 {[%emt 0:00:24]} 55. Rxa4 {[%emt 0:00:05]} Rxh4 {[%emt 0:00:12]} 56. Nd3 {[%emt 0:00:17]} Re4 {[%emt 0:01:49]} 57. Kb3 {[%emt 0:00:11]} h5 {[%emt 0:00:09]} 58. Kc3 {[%emt 0:00:30]} h4 {[%emt 0:00:09]} 59. Ra7+ {[%emt 0:00:48]} Kg6 {[%emt 0:01:39]} 60. Nc5 {[%emt 0:00:54]} Rg4 {[%emt 0:00:35]} 61. Nxe6 {[%emt 0:01:05]} h3 {[%emt 0:00:32]} 62. Rxg7+ {[%emt 0:01:07]} Kf5 {[%emt 0:00:06]} 63. Rh7 {[%emt 0:00:41]} Rg3+ {[%emt 0:00:08]} 64. Kb4 {[%emt 0:00:33]} Kxe6 {[%emt 0:00:07]} 65. Rh5 {[%emt 0:00:22]} Kf6 {[%emt 0:02:35]} 66. Kc5 $11 {[%emt 0:00:03]} Ra3 1/2-1/2

[Event "CZE-tht Extraliga 2018-19"]
[Site "Czech Republic"]
[Date "2018.11.03"]
[Round "1"]
[White "Kuba, Jindrich"]
[Black "Mrazek, Lumir"]
[Result "1-0"]
[WhiteElo "2304"]
[BlackElo "2356"]
[Annotator "TA"]
[PlyCount "127"]
[EventDate "2018.11.03"]
[EventType "team-tourn"]
[EventCountry "CZE"]
[SourceTitle "playchess.com"]
[Source "ChessBase"]
[SourceQuality "1"]
[WhiteTeam "Siesta Solution Unichess B"]
[BlackTeam "Slavoj Cesky Tesín"]

{[%evp 21,127,36,32,37,54,33,56,57,52,0,0,0,0,0,0,0,0,0,0,0,8,7,25,25,23,23,23,20,27,28,34,17,21,19,18,4,25,0,8,5,12,2,29,14,46,26,51,42,73,73,196,85,106,97,439,443,383,190,418,440,735,739,768,706,1080,1087,948,0,603,593,473,510,547,384,395,389,358,332,325,323,315,218,217,212,318,312,1677,1756,1754,1677,1664,1582,1440,1040,12836,715,5861,5093,29965,29974,29981,29983,29985,29986,29986,29987,29986,29980]} 1. e4 c5 2. Nf3 d6 3. d4 cxd4 4. Nxd4 Nf6 5. Nc3 a6 6. Be2 e6 7. O-O Be7 8. a4 O-O 9. Be3 Nc6 10. Nb3 Na5 11. Nxa5 Qxa5 12. Qd2 {B83: Sicilian Scheveningen: 6 Be2, lines without ...a6} Qb4 13. f3 Re8 $146 ({Predecessor:} 13... Bd7 14. a5 Rac8 15. Ra3 d5 16. exd5 exd5 17. Kh1 Bc6 18. Rb3 Qd6 19. Bd3 Rfe8 {1-0 (34) Barrientos Chavarriaga,S (2450)-Guerrero Forero,R (2135) San Andres Islas 2008}) 14. a5 {White is slightly better.} Bd7 15. Ra3 (15. Rfd1 $14) 15... Bc6 $1 $11 16. Rd1 d5 {[%cal Rd5e4]} 17. Rb3 Qd6 18. exd5 exd5 19. Bf1 Bd8 20. Ne2 Bc7 21. g3 $1 Qd8 22. Bb6 Bb5 23. Bxc7 Qxc7 24. Nd4 Bc4 25. Ra3 Re5 26. Bg2 Rae8 27. Raa1 Qc5 28. Kh1 h6 29. b4 Qa7 30. c3 Qb8 31. Re1 Qc7 32. Kg1 Qb8 33. Kf2 Qc7 34. Rxe5 Qxe5 35. Re1 Qh5 {[#]} (35... Qb8 $16 {was called for.}) 36. Rxe8+ (36. h4 $1 $18 {has better winning chances.}) 36... Nxe8 $16 37. Qf4 Nf6 $2 {[%mdl 8192]} ({Wrong is} 37... Qxh2 $2 38. Qb8 $18) (37... Qg5 $16) 38. h4 $18 Nd7 39. Nf5 (39. Qd6 $142 Ne5 40. Bh3) 39... Kh7 $2 (39... f6 {was necessary.}) 40. Bh3 Kh8 (40... f6 $142 41. Nxg7 Kxg7) 41. Qd6 Bb5 42. Qe7 Kg8 43. Qd8+ Kh7 44. Qe7 $2 (44. Nd6 $18) 44... Nf6 $2 {[%mdl 8192]} (44... Kg8 $11 45. Qd8+ Kh7) 45. Nd4 Bd3 46. Qxb7 g5 47. hxg5 hxg5 48. Qe7 Kg6 49. Bg2 g4 50. Qe3 Bf5 {If Black can now play ...gxf3 this consolidates a bit.} 51. Nxf5 Qxf5 52. Kg1 Qb1+ (52... gxf3 $142 53. Bxf3 (53. Qxf3 Qb1+ 54. Bf1 Ne4 $16) 53... d4 54. cxd4 Qb1+ 55. Kg2 Qxb4 56. Qd3+ Kg7) 53. Bf1 gxf3 $2 (53... Qa1 54. Kf2 gxf3 55. Bd3+ (55. Qxf3 Ne4+ 56. Kg2 Qb2+ 57. Kg1 Kg7 $16) 55... Ne4+ 56. Bxe4+ dxe4) 54. Qd3+ Qxd3 55. Bxd3+ {[%mdl 4096] Endgame KB-KN} Kg5 56. Bxa6 Ne4 57. Bd3 Kg4 58. Kh2 (58. Bxe4 $142 dxe4 59. a6) 58... Nxc3 59. b5 {[%cal Bb4b5,Bb5b6,Bb6b7][%mdl 32]} ({Weaker is} 59. a6 Na4 $18) 59... Na4 60. b6 {White mates.} Nc5 61. Bb5 d4 62. a6 d3 {[#]} 63. Bxd3 $1 {[%mdl 512]} Nxd3 64. b7 {Precision: White = 59%, Black = 24%.} 1-0

[Event "CZE-tht Extraliga 2018-19"]
[Site "Czech Republic"]
[Date "2018.11.03"]
[Round "1"]
[White "Koziol, Kamil"]
[Black "Laznicka, Viktor"]
[Result "0-1"]
[WhiteElo "2285"]
[BlackElo "2664"]
[Annotator "TA"]
[PlyCount "108"]
[EventDate "2018.11.03"]
[EventType "team-tourn"]
[EventCountry "CZE"]
[SourceTitle "playchess.com"]
[Source "ChessBase"]
[SourceQuality "1"]
[WhiteTeam "Labortech Ostrava"]
[BlackTeam "1. Novoborsky SK"]

{[%evp 13,108,0,6,-12,-11,4,5,7,10,9,24,30,33,13,21,21,19,11,31,8,8,8,8,8,8,8,8,0,8,-6,5,0,0,-22,-11,-47,-51,-41,-12,-44,-45,-57,-37,-41,-39,-40,-28,-168,-168,-165,-165,-157,-140,-111,-141,-262,-259,-258,-253,-241,-241,-262,-243,-251,-215,-288,-283,-269,-183,-166,-166,-259,-259,-222,-189,-190,-156,-160,-203,-186,-183,-373,-362,-458,-429,-2464,-1781,-11604,-11864,-12401,-10983,-12460,-12460,-6099,-6099,-29971,-29969]} 1. e4 c5 2. Nf3 Nc6 3. Bb5 e6 4. Bxc6 bxc6 5. e5 f6 6. d3 {B30: Sicilian: 2...Nc6 3 Bb5, lines without ...g6} fxe5 7. Nxe5 Nf6 {LiveBook: 4 Games} 8. f4 {The position is equal.} d6 9. Nc4 (9. Nxc6 $2 Qc7 $19) 9... Be7 10. O-O O-O 11. Qe2 Bd7 12. Nc3 Qc7 13. Bd2 Rf7 $146 ({Predecessor:} 13... Rae8 14. a3 Nd5 15. Ne4 Nb6 16. Nxb6 axb6 {0-1 (16) Sanduleac,V (2480)-Grecescu,G (2332) Bucharest 2005}) 14. Rae1 Raf8 15. Ne4 Nd5 {[%cal Rd5f4]} 16. Ng5 Bxg5 $1 17. fxg5 e5 18. Rxf7 Rxf7 19. Rf1 Rxf1+ 20. Kxf1 Be6 21. a3 Ne7 22. b3 Nf5 23. Bc3 Qe7 24. Qd2 Bd5 25. Ne3 Nh4 26. Nxd5 cxd5 27. Bb2 Qf7+ 28. Kg1 Qf5 29. Bc1 Qg4 30. h3 (30. Kf1 $1 $11) 30... Nf3+ $1 $19 31. Kf2 Nxd2 32. hxg4 {[%mdl 4096] Endgame KB-KN} Nb1 33. g6 hxg6 34. a4 (34. c4 $17 {keeps fighting.}) 34... d4 35. Ke1 Kf7 36. Bg5 Ke6 37. Kd1 Nc3+ 38. Ke1 Nd5 39. Bd2 Nf6 40. g5 Ng4 41. Ke2 Kf5 42. b4 {[#]} (42. g3 $142) 42... cxb4 $1 43. Bxb4 d5 ({Don't do} 43... Kxg5 44. Bxd6 Kf4 45. Bb8 $17) 44. Bd2 e4 45. Bb4 a6 ({Not} 45... Kxg5 46. Bc5 $11) 46. Bc5 {[#]} Ne3 $1 ({Inferior is} 46... Kxg5 47. dxe4 dxe4 48. Bxd4 $11) 47. Bxd4 $2 (47. c3 {was worth a try.}) 47... Nxc2 48. dxe4+ Kxe4 49. Bxg7 (49. Bf2 $142 Nd4+ 50. Kd1) 49... Ne3 50. Kd2 d4 {[%cal Bd5d4,Bd4d3][%mdl 32]} 51. Bf6 Nxg2 52. Bd8 Ne3 53. Be7 Nc4+ 54. Kc2 d3+ {Precision: White = 31%, Black = 86%.} 0-1

[Event "CZE-tht Extraliga 2018-19"]
[Site "Czech Republic"]
[Date "2018.11.03"]
[Round "1"]
[White "Parizek, Vojtech"]
[Black "Piesik, Piotr"]
[Result "1/2-1/2"]
[WhiteElo "2277"]
[BlackElo "2412"]
[Annotator "TA"]
[PlyCount "58"]
[EventDate "2018.11.03"]
[EventType "team-tourn"]
[EventCountry "CZE"]
[SourceTitle "playchess.com"]
[Source "ChessBase"]
[SourceQuality "1"]
[WhiteTeam "Siesta Solution Unichess B"]
[BlackTeam "Slavoj Cesky Tesín"]

{[%evp 20,58,53,35,27,24,52,24,12,14,16,6,5,6,8,15,15,0,0,0,0,0,2,0,15,19,30,13,30,4,23,0,28,29,26,24,27,14,18,18,9]} 1. e4 g6 2. d4 Bg7 3. Nc3 c6 4. Nf3 d6 5. Be3 Nf6 6. h3 O-O 7. Bd3 Nbd7 8. O-O e5 9. Qd2 Re8 10. a4 b6 {B08: Pirc-Ufimzew-Verteidigung} 11. Rfe1 {LiveBook: 3 Partien} Bb7 12. Rad1 Qc7 {Weiß hat minimalen Vorteil.} 13. Bc4 exd4 14. Bxd4 Ne5 {[#]} 15. Nxe5 $146 ({Vorgänger:} 15. Qe2 a6 16. Bb3 Re7 {1-0 (28) Hamdouchi,H (2627)-Degraeve,J (2580) Saint Affrique 2012}) 15... dxe5 16. Be3 Rad8 17. Qe2 Bc8 18. Rxd8 Rxd8 19. Rd1 Bf8 20. Rd3 Be7 21. Qd2 Nh5 {[%cal Bf6h5,Bh5g7,Bg7e6,Be6c5][%mdl 32]} 22. Ne2 {[%cal Bc3e2,Be2c1,Bc1d3][%mdl 32]} Ng7 23. Nc1 Be6 24. Qc3 Bxc4 (24... Bd6 {is more complex.}) 25. Qxc4 Ne6 26. Rxd8+ Bxd8 27. Nd3 Be7 28. Bd2 Nc5 29. Bc3 Nxd3 {Precision: Weiß = 48%, Schwarz = 48%.} 1/2-1/2

[Event "CZE-tht Extraliga 2018-19"]
[Site "Czech Republic"]
[Date "2018.11.03"]
[Round "1"]
[White "Obsivac, Josef"]
[Black "Jirovsky, Milos"]
[Result "0-1"]
[WhiteElo "2264"]
[BlackElo "2444"]
[Annotator "TA"]
[PlyCount "78"]
[EventDate "2018.11.03"]
[EventType "team-tourn"]
[EventCountry "CZE"]
[SourceTitle "playchess.com"]
[Source "ChessBase"]
[SourceQuality "1"]
[WhiteTeam "Moravska Slavia Brno"]
[BlackTeam "GASCO Pardubice"]

{[%evp 15,78,35,55,-23,0,-44,-39,-79,-67,-76,-72,-120,-112,-120,-58,-137,-125,-146,-131,-150,-148,-161,-150,-187,-114,-199,-197,-204,-189,-177,-124,-188,-155,-375,-400,-425,-414,-434,-408,-412,-312,-318,-301,-414,-363,-529,-511,-1448,-1447,-1156,-595,-554,-534,-760,-753,-737,-723,-793,-758,-867,-852,-795,-770,-1308,-1251]} 1. d4 d5 2. c4 e6 3. Nc3 c5 4. cxd5 exd5 5. Nf3 Nc6 6. g3 c4 7. Bg2 Bb4 8. O-O Nge7 {LiveBook: 249 Partien} 9. Nh4 {D33: Damengambit (Tarrasch-Verteidigung)} (9. e4 $14) (9. Ne1 O-O 10. Nc2 Ba5 11. Bg5 f6 12. Bd2 Bf5 13. b3 cxb3 14. axb3 Rc8 15. Ne3 Be6 16. Na4 b6 17. Bxa5 Nxa5 {1-0 (61) Kovalyov,A (2615)-Iotov,V (2568) Houston 2013}) 9... Be6 10. Be3 $146 ({Vorgänger:} 10. a3 Ba5 11. e3 O-O 12. f4 Bxc3 13. bxc3 Qd7 14. Bf3 b5 15. Rb1 Rab8 16. g4 f5 {1-0 (37) Kluss,K (2150)-Dushatskiy,F (2218) Germany 2012}) 10... Qd7 11. f4 {Schwarz steht etwas besser.} Bxc3 12. bxc3 Nf5 13. Bd2 Nxh4 14. gxh4 O-O (14... Bf5 $17 15. Rf3 O-O) 15. Qe1 ({Günstiger ist} 15. e4 $15 dxe4 16. Bxe4) 15... Bf5 $17 16. Qg3 Rfe8 17. Rae1 Re6 18. h5 Rae8 19. Kf2 Be4 ({Besser ist} 19... Ne7 $1 $19 20. Rg1 g6) 20. Bh3 (20. Bxe4 $17 Rxe4 21. Rg1) 20... f5 $19 21. Rg1 Qf7 22. Qh4 Rh6 (22... Kh8 $19 23. Rg5 Qf6) 23. Rg5 {[#]} (23. Rxg7+ $17 {war einen Versuch wert.} Kxg7 24. Qg5+ Rg6 25. hxg6 hxg6 26. Rg1) 23... Nd8 $1 24. Reg1 $2 (24. Rxg7+ $17 {war die einzige Verteidigung.} Kxg7 25. Qg5+ Rg6 26. hxg6 hxg6 27. Qg3) 24... Ne6 25. Qg3 Rf8 ({Bloß nicht} 25... Nxg5 26. fxg5 Rxh5 27. Bf1 $19) 26. Ke1 Nxg5 27. fxg5 f4 28. Bxf4 {[#]} Rb6 $1 {[%cal Bh6b6,Bb6b1,Bb1a1][%mdl 32]} ({Falsch wäre} 28... Qxf4 $2 29. Qxf4 Rxf4 30. gxh6 $18) ({Schwächer ist} 28... Rxh5 29. Bg4 $17) 29. Bc1 Qxh5 {zielt auf ...Tb1 ab.} 30. Bg4 (30. Rf1 {war nötig.} Rxf1+ 31. Bxf1) 30... Qe8 {Schwarz steht klar auf Gewinn.} 31. h4 (31. Ba3 $142 Rf7 32. Bb4) 31... Rb1 32. Qe3 Bf5 {( -> ...Dxe3)} 33. Qxe8 Rxe8 34. Kd2 Bxg4 35. Rxg4 Ra1 36. Kd1 Rxa2 37. Rg2 Re4 38. Rh2 Rg4 {[%cal Rg4g1]} 39. Be3 Rg3 {Precision: Weiß = 20%, Schwarz = 69%.} 0-1

[Event "CZE-tht Extraliga 2018-19"]
[Site "Czech Republic"]
[Date "2018.11.03"]
[Round "1"]
[White "Petrova, Kristyna"]
[Black "Hollan, Martin"]
[Result "0-1"]
[WhiteElo "2248"]
[BlackElo "2325"]
[Annotator "TA"]
[PlyCount "104"]
[EventDate "2018.11.03"]
[EventType "team-tourn"]
[EventCountry "CZE"]
[SourceTitle "playchess.com"]
[Source "ChessBase"]
[SourceQuality "1"]
[WhiteTeam "Siesta Solution Unichess B"]
[BlackTeam "Slavoj Cesky Tesín"]

{[%evp 9,104,30,35,27,33,29,41,27,26,18,46,0,10,10,45,0,-1,-61,-56,-56,-54,-47,-44,-68,-41,-91,-73,-83,-66,-83,-94,-87,-74,-68,-67,-137,-28,-28,-31,-32,-48,-39,-9,-30,-6,-1,0,-53,-52,-51,-41,-102,-96,-77,-87,-97,-97,-97,-102,-127,-127,-127,-122,-127,-97,-97,-97,-127,-97,-127,-127,-127,-120,-120,-118,-250,-226,-258,-238,-388,-387,-369,-383,-366,-320,-510,-516,-482,-480,-589,-425,-425,-416,-402,-395,-372,-336]} 1. e4 e5 2. Nf3 Nc6 3. Bb5 a6 4. Ba4 g6 5. c3 Bg7 {LiveBook: 85 Games} 6. d4 {C70: Ruy Lopez: 3...a6 4 Ba4, Norwegian and Delayed Schliemann} exd4 7. cxd4 b5 8. Bb3 {White is slightly better.} Nge7 (8... d6 9. h3 Nf6 10. O-O O-O 11. Re1 Bb7 12. Nbd2 Nb4 13. Nf1 {0-1 (33) Hansen,E (2629)-Anand,V (2771) Batumi 2018}) 9. O-O d6 10. h3 O-O 11. a4 {Threatens to win with axb5.} b4 12. d5 $146 ({Predecessor:} 12. a5 h6 13. Bf4 Kh7 14. d5 Nb8 15. Ra4 Bxb2 16. Bxh6 Kxh6 {1-0 (30) Valsecchi,A (2376)-Arnaudov,P (2477) Padova 2011}) 12... Na5 13. Bc2 (13. Nbd2 $11) 13... c5 $15 14. dxc6 $1 Nexc6 15. Nbd2 Bb7 16. Nb3 Nc4 17. Rb1 Rc8 18. Bd3 N6e5 19. Nxe5 Nxe5 ({Of course not} 19... dxe5 $6 20. Qe2 $11) 20. Bf4 d5 21. Bxe5 Bxe5 22. Qf3 (22. Re1 $15) 22... Qf6 ({Black should play} 22... Re8 $17 23. Rfe1 Bg7) 23. Qxf6 $11 Bxf6 24. Rfe1 Rfe8 {[%cal Rd5e4]} 25. e5 Bd8 26. Kf1 Kg7 27. f4 Bh4 $36 {[%mdl 2048] Black has the initiative.} 28. Re2 (28. Re3 $11) 28... Bg3 $15 29. Na5 Ba8 30. f5 (30. Bxa6 $15 Rc7 31. Bb5) 30... Rxe5 $17 31. Rxe5 Bxe5 32. Bxa6 Rc5 33. Nb3 Rc2 34. Bd3 Rxb2 35. Rxb2 Bxb2 {[%mdl 4096] Endgame KBB-KBN} 36. a5 Kf6 37. fxg6 fxg6 38. Ke2 Ke5 39. a6 Kd6 40. Kd2 Kc6 41. Kc2 Bc3 42. h4 (42. Na5+ $17 {was called for.} Kb6 {[#]} 43. Nb7 $1 {[%mdl 512]}) 42... Kb6 $19 43. g4 Bc6 44. h5 (44. Be2 {is a better defense.}) 44... gxh5 45. gxh5 h6 46. Nc1 Ba4+ 47. Kb1 (47. Nb3 $142) 47... Bd1 48. Ne2 Be5 49. Ka2 Ka7 50. Kb1 Bb3 51. Nc1 Bc4 52. Kc2 Kxa6 {Precision: White = 47%, Black = 71%.} 0-1